Loading...
Visual Arts | 4 | 4 | 1 | 0 | 95 | 39 | 78.88 | 4 | 8 |
Fine Arts - Other Arts | 1 | 5 | 1 | 1 | 60 | 70 | 106.83 | 3 | 5 |
History - European History | 1 | 3 | 0 | 2 | 45 | 64 | 107.75 | 1 | 2 |
History - Other History | 0 | 4 | 0 | 0 | 40 | 96 | 105.00 | 0 | 3 |
Literature - European Literature | 0 | 4 | 0 | 0 | 40 | 95 | 124.25 | 1 | 4 |
Literature - American Literature | 0 | 4 | 1 | 0 | 35 | 69 | 103.75 | 2 | 3 |
Beliefs | 0 | 4 | 1 | 1 | 35 | 83 | 105.75 | 2 | 3 |
History - Ancient History | 1 | 2 | 1 | 1 | 30 | 43 | 94.33 | 1 | 2 |
History - American History | 0 | 3 | 0 | 0 | 30 | 94 | 95.67 | 1 | 3 |
Current Events | 0 | 3 | 0 | 0 | 30 | 80 | 86.67 | 1 | 3 |
Other Academic | 1 | 1 | 0 | 1 | 25 | 74 | 100.50 | 0 | 1 |
Auditory Arts | 1 | 1 | 0 | 0 | 25 | 70 | 95.50 | 0 | 1 |
Literature - British Literature | 1 | 1 | 1 | 0 | 20 | 35 | 65.00 | 1 | 1 |
Literature - World Literature | 0 | 3 | 2 | 0 | 20 | 119 | 124.33 | 0 | 1 |
History - World History | 1 | 1 | 3 | 1 | 10 | 48 | 84.00 | 2 | 2 |
Science - Chemistry | 0 | 1 | 0 | 0 | 10 | 120 | 120.00 | 0 | 0 |
Social Science | 0 | 3 | 4 | 0 | 10 | 76 | 86.00 | 2 | 3 |
Science - Physics | 0 | 0 | 0 | 0 | 0 | 0.00 | 0 | 0 | |
Philosophy | 0 | 1 | 2 | 0 | 0 | 111 | 111.00 | 0 | 0 |
Geography | 0 | 0 | 1 | 0 | -5 | 0.00 | 0 | 0 |